Fortnite: Every Chapter 2 POI - Statistics

General Stats
  • This quiz has been taken 116 times
  • The average score is 19 of 41
Answer Stats
Hint Answer % Correct
S2 The Agency
84%
S1 Pleasant Park
83%
S2 The Grotto
74%
S1 Slurpy Swamp
73%
S2 The Rig
73%
S1 Retail Row
72%
S2 The Shark
72%
S1 Holly Hedges
70%
S1 Misty Meadows
70%
S1 Salty Springs
68%
S4 Stark Industries
68%
S1 Steamy Stacks
68%
S1 Lazy Lake
67%
S2 The Yacht
65%
S1 Sweaty Sands
63%
S1 Weeping Woods
63%
S1 Dirty Docks
61%
S1 Frenzy Farm
59%
S3 Catty Corner
55%
S1 Craggy Cliffs
54%
S4 Coral Castle
51%
S3 The Fortilla
46%
S5 Salty Towers
41%
S3 The Authority
41%
S6 The Spire
39%
S4 Doom's Domain
34%
S6 Boney Burbs
28%
S5 Hunters Haven
28%
S3 Rickety Rig
24%
S5 Colossal Coliseum
21%
S5 Stealthy Stronghold
21%
S8 The Pyramid
20%
S6 Believer Beach
18%
S6 Colossal Crops
15%
S7 Sludgy Swamp
15%
S4 The Ruins
15%
S8 The Convergence
11%
S7 Holly Hatchery
10%
S8 Corny Crops
7%
S8 Cube Town
4%
S7 Corney Complex
1%
No matching quizzes found
Score Distribution
Percent of People with Each Score
Percentile by Number Answered
Your Score History
You have not taken this quiz